000 00346 a2200169 4500
001 192438
020 _a85-08-0287-X
040 _cMagnum
100 _aFurnari, Eva
240 1 0 _aDe vez em quando
_lpor
245 1 0 _aDe vez em quando
300 _a16
362 0 _a1997
440 1 _aÁtica
697 _aLITERATURA INFANTIL
942 _cBK
999 _c192438
_d192438